| 000 | 00734nam a22002057a 4500 | ||
|---|---|---|---|
| 008 | 130821s1983 ck a gr spa | ||
| 020 | _a8482771035 | ||
| 040 |
_aCo-BoUCM _bspa |
||
| 041 | 0 | 0 | _aspa |
| 100 | 1 |
_aVázquez Carrizosa, Alfredo _d1909-2001 |
|
| 245 | 1 | 4 |
_aLos no alineados una estrategia política para la paz en la era atómica _cAlfredo Vázquez Carrizosa. |
| 260 |
_aBogotá (Colombia) _bC. Valencia Editores _c1983 |
||
| 300 |
_a185 páginas _bilustraciones |
||
| 504 | _aIncluye bibliografía. | ||
| 650 | 0 | 4 |
_aNo alineación _920410 |
| 650 | 0 | 4 |
_aPolítica internacional _921990 |
| 650 | 0 | 4 |
_aRelaciones internacionales _98042 |
| 942 |
_cLIBRO _a6 _e1 _mV17n _2DEWEY _h327.1 |
||
| 999 |
_c91764 _d91764 |
||